| 000 | 00826nam a2200241 a 4500 | ||
|---|---|---|---|
| 001 | 000044999 | ||
| 003 | DO-SdBNP | ||
| 005 | 20250217120607.0 | ||
| 007 | 000044999 | ||
| 008 | 150128s2004 dr a 000 0 spa d | ||
| 040 |
_aBPMET _bspa _cBPMET |
||
| 092 |
_axxxx _bxxxx |
||
| 111 | 2 |
_aConcurso de Literatura Infantil _n(4er. : _d2004 _cSanto Domingo) |
|
| 245 | 1 | 0 |
_aCuarto concurso de literatura infantil : _bcuentos que contar... / _cedición ; Lorelay Carrón ; ilustracion Henry Cid. |
| 260 |
_aSanto Domingo : _bBanreservas, _c2004 |
||
| 300 |
_a57 p. : _bil. ; _c25 cm. |
||
| 700 | 1 |
_aCarrón, Lorelay, _eed. |
|
| 700 | 1 |
_aCid, Henry, _eil. |
|
| 710 | 1 | 2 | _aBanco de Reservas de la República Dominicana |
| 942 |
_2ddc _cBK |
||
| 945 | _a Remanejado para la BNPHU / VM 2018 | ||
| 956 |
_aVMATEO _b10 _c20150914 _lBPMSU _h00151 |
||
| 999 |
_c7579 _d7579 |
||